Turismo y sociedad / (Registro nro. 19469)

Detalles MARC
000 -CABECERA
Campo de control 00911nas a2200241 a 4500
005 - FECHA Y HORA DE LA ULTIMA TRANSACCION
Campo de control 20170424163905.0
008 - ELEMENTOS DE LONGITUD FIJA—INFORMACION GENERAL
Campo de control 890426c19869999ck fr p r u0 uub0spa d
022 ## - ISSN
ISSN 0120-7555
040 ## - FUENTE DE CATALOGACIÓN
Agencia catalogadora original hm
Agencia transcriptora hm
Agencia Modificadora CO-BoIAVH
041 0# - IDIOMA
Código de idioma para texto/pista de sonido o título separado Español
044 ## - PAÍS DE PUBLICACIÓN
País de publicación Colombia
090 ## - CLASIFICACIÓN LOCAL
Colección SE
245 00 - MENCION DE TITULO
Título Turismo y sociedad /
Mención de responsabilidad Universidad Externado de Colombia. Facultad de Administración de Empresas Turísticas y Hoteleras
260 ## - PUBLICACION, DISTRIBUCION, ETC. (PIE DE IMPRENTA)
Lugar de publicación, distribución, etc. Bogotá : :
Nombre del editor, distribuidor, etc. La Universidad,
Fecha de publicación, distribución, etc. 1986-.
300 ## - DESCRIPCION FISICA
Otros detalles físicos ilustraciones ;
Dimensiones 24 x 17 cm.
310 ## - FRECUENCIA ACTUAL DE LA PUBLICACIÓN
Frecuencia actual de la publicación Mensual
504 ## - NOTA DE BIBLIOGRAFIA, ETC.
Nota de bibliografía Incluye referencias bibliográficas
650 26 - ASIENTO SECUNDARIO DE MATERIA - TERMINO TEMATICO
Término temático o nombre geográfico como elemento de entrada Turismo
Subdivisión geográfica Colombia
Subdivisión de forma Publicaciones periódicas
9 (RLIN) 81100
651 #6 - ASIENTO SECUNDARIO DE MATERIA - NOMBRE GEOGRAFICO
Nombre geográfico Bogotá (Colombia)
Subdivisión de forma Publicaciones periódicas
9 (RLIN) 81101
651 26 - ASIENTO SECUNDARIO DE MATERIA - NOMBRE GEOGRAFICO
Nombre geográfico Colombia
Subdivisión de forma Publicaciones periódicas
9 (RLIN) 81102
710 2# - ASIENTO SECUNDARIO - NOMBRE CORPORATIVO
Nombre corporativo o de jurisdicción como elemento de entrada Universidad Externado de Colombia
Unidad subordinada Facultad de Administración de Empresas Turísticas y Hoteleras
9 (RLIN) 81103
942 ## - ELEMENTOS ADICIONALES (KOHA)
Sistema de clasificación Local
Tipo de ítem Periodica o revista
Existencias
Withdrawn status Lost status Sistema de Clasificación Damaged status No para préstamo Colección Fecha publicación (Año) Volumen revista Número revista Inventariado Ubicación Permanente Ubicación actual Fecha de adquisición Precio Datos de publicación Seriada Total Checkouts Número topográfico Inventario / Código de Barras Date last seen Ejemplar Price effective from Forma de adquisición Tipo de material
    Local     Hemeroteca 2002 5 1 Inventariado 2017 Bogotá Bogotá 24/04/2017 5.00 Vol 5, Nro 1 (01/09/2002)   SE 019112 24/04/2017 Ej. 1 24/04/2017 Donación Periodica o revista
    Local     Hemeroteca 2003 5 2 Inventariado 2017 Bogotá Bogotá 24/04/2017 5.00 Vol 5, Nro 2 (01/10/2003)   SE 015752 24/04/2017 Ej. 1 24/04/2017 Donación Periodica o revista
    Local     Hemeroteca 2004 5 3 Inventariado 2017 Bogotá Bogotá 24/04/2017 5.00 Vol 5, Nro 3 (01/09/2004)   SE 018917 24/04/2017 Ej. 1 24/04/2017 Donación Periodica o revista